000 01060nam a2200229Ia 4500
003 IT-RoPAU
005 20220918175852.0
008 120407s9999 xx 000 0 und d
040 _aIT-RoPAU
_c20140510102126.0
040 _cIT-RoPAU
041 _aita
100 _aCesarato M. Regina
_924404
100 _csr.
_916933
245 _aIn Cammino...
_bProposta celebrativa nel 40° dell’Approvazione pontificia delle Pie Discepole del Divin Maestro
260 _c1987
_aRoma
_bCasa Generalizia PDDM - CSCM
300 _a40 p.
_c21 cm
490 _vVol. n. 3
_aAnno 40° dell’Approvazione pontificia delle Pie Discepole del Divin Maestro
500 _aUso manoscritto
520 _aIndice Presentazione Noi ti rendiamo grazie - Schema per l'Adorazione Eucaristica Ricordando il Fondatore e Don Timoteo Giaccardo - Riflessione Comunitaria 1. Don Giacomo Alberione e Don Timoteo Giaccardo: un incontro provvidenziale 2. Il Fondatore affida le Pie Discepole a Don Timoteo Giaccardo 3. Frammenti preziosi Conclusione
942 _cBK
_2ddc
999 _c34075
_d34075